00680cam a2200217 4500001001100000003000700011005001700018008004100035020004700076040002300123042000900146100001400155245014400169250001100313260003400324300003500358504002000393650002400413700001100437700001400448.b25998584YEEZEN20260202151354.0250218s2025 ch ak e 000 0 chi d a9786264140744q(平裝) :c新臺幣520元 aFCUbchicFCUeccr anbic1 a胡世雄10a職場初心者一次學會專案管理 :b從零開始系統化掌握團隊協作.效率與風險管理 /c胡世雄, 江軍, 彭立言著 a初版 a新北市 :b博碩,c2025.01 a274面 :b圖, 表 ;c23公分 a含參考書目 72lcstta專案管理1 a江軍1 a彭立言